000 01255nam0a22002891 4500
001 v19\rc\1726641
005 20260406160853.0
035 _a(NLR Aleph) 005231046
090 _a5605714
_c5605714
100 _a20061002d1903 |||y0rusy50 ca
101 0 _arus
102 _aRU
105 _ay z |||a|
200 1 _aНад могилой рабы божией Ксении (на Смоленском кладбище) в С.-Петербурге
_e[Стихотворение]
_fФ.Е. Ковырулин
205 _a3-е изд. ПВМ с 1901 г.
210 _aСанкт-Петербург
_cтип. Корпуснова
_d1903
215 _a7 с.
532 1 3 _aНад могилой рабы божией Ксении на Смоленском кладбище в С.-Петербурге
700 1 _7ca
_8rus
_aКовырулин
_bФ. Е.
_gФедот Евдокимович
_932445
_3RU\NLR\AUTH\7749510
702 0 _4570
_7ca
_8rus
_aКсения Петербургская
_cсвятая
_fок.1730-ок.1803
_9118397
_3RU\NLR\AUTH\778492
801 0 _aRU
_bNLR
_c20061002
_gpsbo
801 1 _aRU
_bProSoft-M
_c20061002
_2rusmarc
801 2 _aRU
_bNLR
_c20070315
_2rusmarc
852 _aNLR
_j34.48.6.1116
942 _cBOOK
980 _aNB